Európa v 12 lekciách
Salvato in:
| Autore principale: | |
|---|---|
| Ente Autore: | |
| Natura: | Libro |
| Lingua: | slovacco |
| Pubblicazione: |
Luxemburg
Úrad pre vydávanie úradných publikácií Európskych spoločenstiev
2007
|
| Soggetti: | |
| Tags: |
Nessun Tag, puoi essere il primo ad aggiungerne!!
|
MARC
| LEADER | 00000nam$a2200000$$$4500 | ||
|---|---|---|---|
| 001 | 0108456 | ||
| 005 | 20240314092946.2 | ||
| 020 | |a 92-79-02879-0 | ||
| 041 | 0 | |a slo | |
| 044 | |a LU | ||
| 245 | 1 | 0 | |a Európa v 12 lekciách |c Pascal Fontaine, bývalý asistent Jeana Monneta a profesor na Institut d'Etudes Politiques v Paríži |
| 264 | 1 | |a Luxemburg |b Úrad pre vydávanie úradných publikácií Európskych spoločenstiev |c 2007 | |
| 300 | |a 63 s. | ||
| 610 | 2 | 0 | |a Európska únia |
| 610 | 2 | 0 | |a únie hospodárske |
| 610 | 2 | 0 | |a únie menové |
| 610 | 2 | 0 | |a euro |
| 100 | 1 | |a Fontaine, Pascal | |
| 710 | 2 | |a European Commission | |